书目信息 |
| 题名: |
管理学精要
|
|
| 作者: | 戴斯勒 , Dessler 著 ;吕廷杰 , 赵欣艳 译 | |
| 分册: | ||
| 出版信息: | 北京 中国人民大学出版社 2004.4 |
|
| 页数: | 490页 | |
| 开本: | 24cm | |
| 丛书名: | 本科经济管理译丛 | |
| 单 册: | ||
| 中图分类: | C93 | |
| 科图分类: | ||
| 主题词: | 管理学--高等学校--教材 | |
| 电子资源: | ||
| ISBN: | 7-300-05253-3 | |
| 000 | 01050nam2 2200301 45 | |
| 001 | 012004000000 | |
| 005 | 20041103172510.46 | |
| 010 | @a7-300-05253-3@dCNY 39.80 | |
| 100 | @a20040629d2004 em y0chiy0121 ea | |
| 101 | 1 | @achi@ceng |
| 102 | @aCN@b110000 | |
| 105 | @aak z 000yy | |
| 200 | 1 | @a管理学精要@Aguan li xue jing yao@dA framework for management@e第2版@eSecond edition@f(美)加里·戴斯勒(Gary Dessler)著@g吕廷杰, 赵欣艳译@zeng |
| 210 | @a北京@c中国人民大学出版社@d2004.4 | |
| 215 | @a490页@c图, 表格@d24cm | |
| 225 | 2 | @a本科经济管理译丛 |
| 324 | @a原书第2版 | |
| 330 | @a本书内容: 21世纪的管理; 全球环境下的管理; 管理的文化与道德环境; 决策制定...... | |
| 410 | 0 | @12001 @a本科经济管理译丛 |
| 510 | 1 | @aA framework for management@eSecond edition@zeng |
| 606 | 0 | @a管理学@x高等学校@j教材 |
| 690 | @aC93@v4 | |
| 701 | 1 | @a戴斯勒@Adai si le@b加里@4著 |
| 701 | A1 | @aDessler@bGary@4著 |
| 702 | 0 | @a吕廷杰@Alv ting jie@4译 |
| 702 | 0 | @a赵欣艳@Azhao xin yan@4译 |
| 801 | 0 | @aCN@bQSSKxf@c20041103 |
| 905 | @a10447@dC93@eJ210 | |
| 管理学精要=A framework for management:第2版:Second edition/(美)加里·戴斯勒(Gary Dessler)著/吕廷杰, 赵欣艳译.-北京:中国人民大学出版社,2004.4 |
| 490页:图, 表格;24cm.-(本科经济管理译丛) |
| ISBN 7-300-05253-3:CNY 39.80 |
| 本书内容: 21世纪的管理; 全球环境下的管理; 管理的文化与道德环境; 决策制定...... |
| ● |
| 相关链接 |
|
|
|
正题名:管理学精要
索取号:C93/J210
 
预约/预借
| 序号 | 登录号 | 条形码 | 馆藏地/架位号 | 状态 | 备注 |
| 1 | 425058 | 204250586 | 社科库509/509社科库 63排4列2层/ [索取号:C93/J210] | 在馆 | |
| 2 | 425059 | 204250595 | 社科库509/509社科库 63排4列2层/ [索取号:C93/J210] | 在馆 | |
| 3 | 425060 | 204250602 | 社科库509/509社科库 63排4列2层/ [索取号:C93/J210] | 在馆 |